Normal view
MARC view
Entry Personal Name
001 - CONTROL NUMBER
- control field: 366607
003 - CONTROL NUMBER IDENTIFIER
- control field:
005 - DATE AND TIME OF LATEST TRANSACTION
- control field: 20210602112014.0
008 - FIXED-LENGTH DATA ELEMENTS
- fixed length control field: 210602|| aca||aabn | a|a d
040 ## - CATALOGING SOURCE
- Original cataloging agency:
- Transcribing agency:
100 ## - HEADING--PERSONAL NAME
- Personal name: Bellamy, Margot A.
670 ## - SOURCE DATA FOUND
- Source citation: Work cat.: (): International Conference of Agricultural Economists (17th : 1979 : Banff, Alta) 366603, The rural challenge :, c1981
